Ampliando el entorno educativo del niño /

Esta obra compila tres estudios de caso, sobre innovaciones en la práctica educativa en las primarias en México. Estas reflexiones son dadas bajo la tesis de que el niño y la niña deben ser agentes de su propio desarrollo educativo al participar en la gestión de su escuela.

Bewaard in:
Bibliografische gegevens
Hoofdauteur: Río Lugo, Norma (coord.)
Formaat: Boek
Taal:Spaans
Gepubliceerd in: México : Universidad Autónoma Metropolitana Xochimilco ; UNICEF, 2000, c2000
Reeks:(Todos Juegan)
Onderwerpen:
Tags: Voeg label toe
Geen labels, Wees de eerste die dit record labelt!

MARC

LEADER 00000nam^a2200000^a^4500
001 000131805
005 20250521000000.0
009 20260310095037.154
020 |a 970-654-640-1 
037 |a Acervo ITESO - Biblioteca 
041 |a ESP 
082 |a 372. 07  |b RIO 
100 |a Río Lugo, Norma  |e (coord.) 
245 1 0 |a Ampliando el entorno educativo del niño /  |c Coord. de N. del Río Lugo ; presen. de Bernt Aasen, José Luis Márquez Mateos ; pról. de N. del Río, Francisco Javier Martós. 
264 4 |a México :  |b Universidad Autónoma Metropolitana Xochimilco ;  |b UNICEF,  |c 2000, c2000 
300 |a 107 p. 
336 |a texto  |b txt  |2 rdacontenido 
337 |a sin mediación  |b n  |2 rdamedio 
338 |a volumen  |b nc  |2 rdasoporte 
440 1 |a (Todos Juegan) 
520 |a Esta obra compila tres estudios de caso, sobre innovaciones en la práctica educativa en las primarias en México. Estas reflexiones son dadas bajo la tesis de que el niño y la niña deben ser agentes de su propio desarrollo educativo al participar en la gestión de su escuela. 
649 |a XX 
650 |a Aprendizaje 
650 |a Cambio de Actitud 
650 |a Comportamiento del Alumno 
650 |a Alumnos Discapacitados 
650 |a Alumnos 
650 |a Relaciones Maestro-Alumno 
650 |a Innovación Educativa 
650 |a Tecnología Educativa 
650 |a Metodología Cualitativa 
650 |a Calidad de la Educación 
650 |a Educación Primaria -  |z México 
650 |a Educación Formal 
650 |a Educación Ambiental 
650 |a Educación y Promoción Popular 
650 |a Educación -  |z México 
910 |a Fondo General 
920 |a Impresos - Libros 
930 |a Colección General 
905 |a 101 
901 |a 0500062218  |b IT1  |c ACC  |u 20250521 
901 |a 0500062215  |b IT1  |c ACC  |u 20250521 
902 |a https://opac.biblio.iteso.mx/vufind/Record/000131805